01191cam a22003134a 450000100090000000300040000900500170001300800410003001000150007102400180008604000440010404200080014805000170015608200090017310000180018224501250020025000160032526000350034130000260037652001710040260000350057360000410060861000510064963000420070065000460074265000370078865000270082570000250085269671859OSt20210205152456.0060516s2007 nyu 000 0 eng  a20060163483 a9780446697347 aDLCcDLCdYDXdBAKERdBTCTAdYDXCPdVP@ apcc00aBM535b.K33C bK33C1 aKendall, R. T14aThe Christian and the Pharisee :btwo outspoken religious leaders debate the road to heaven /cR.T. Kendall, David Rosen a1st U.S. ed aNew York :bFaith Words,c2007 axxii, 199 p. ;c21 cm a"Letters between two prominent religious thinkers form a bridge of understanding upon which Christians and Jews can meet and work together"--Provided by the publisher10aKendall, R. T.vCorrespondence10aRosen, David,d1951-vCorrespondence20aChurch of the NazarenexClergyvCorrespondence00aBiblexCriticism, interpretation, etc 0aChristianity and other religionsxJudaism 0aJudaismxRelationsxChristianity 0aRabbisvCorrespondence1 aRosen, David,d1951-